Geography Quiz

Random Geography or City Quiz

Moscow Metro by Any 3 Letters Quiz Stats

 Plays Quiz Updated Aug 5, 2018

Score 0/214 Timer 05:00
6 Plays Today
Station % Correct
Ulitsa Skobelevskaya
93.6%
Ulitsa Starokachalovskaya
93.4%
Bagrationovskaya
93.3%
Chertanovskaya
93.1%
Preobrazhenskaya Ploshchad
92.8%
Belorusskaya
92.4%
Belorusskaya
92.4%
Krasnopresnenskaya
92.3%
Partizanskaya
92.3%
Krasnogvardeyskaya
92.2%
Krasnoselskaya
92.2%
Akademicheskaya
92.2%
Novokuznetskaya
92.2%
Smolenskaya
92.2%
Smolenskaya
92.2%
Novoyasenevskaya
92.1%
Petrovsko-Razumovskaya
91.8%
Dmitrovskaya
91.8%
Krestyanskaya Zastava
91.8%
Novoslobodskaya
91.7%
Volokolamskaya
91.6%
Elektrozavodskaya
91.6%
Studencheskaya
91.6%
Chekhovskaya
91.5%
Semyonovskaya
91.4%
Proletarskaya
91.4%
Petrovsko-Razumovskaya
91.2%
Kolomenskaya
91.1%
Cherkizovskaya
91%
Pervomayskaya
90.9%
Komsomolskaya
90.9%
Komsomolskaya
90.9%
Paveletskaya
90.8%
Paveletskaya
90.8%
Serpukhovskaya
90.8%
Arbatskaya
90.7%
Arbatskaya
90.7%
Izmaylovskaya
90.6%
Mendeleyevskaya
90.6%
Buninskaya Alleya
90.5%
Sevastopolskaya
90.3%
Ulitsa Akademika Yangelya
90.2%
Avtozavodskaya
90.2%
Alekseyevskaya
90.1%
Kashirskaya
90.1%
Kashirskaya
90.1%
Kozhukhovskaya
90.1%
Mayakovskaya
90.1%
Kropotkinskaya
90%
Kuntsevskaya
89.8%
Kuntsevskaya
89.8%
Bratislavskaya
89.8%
Kakhovskaya
89.8%
Alma-Atinskaya
89.7%
Kantemirovskaya
89.7%
Skhodnenskaya
89.6%
Domodedovskaya
89.6%
Baumanskaya
89.5%
Marksistskaya
89.4%
Chkalovskaya
89.4%
Shabolovskaya
89.4%
Dostoyevskaya
89.2%
Babushkinskaya
89.1%
Frunzenskaya
89.1%
Lesoparkovaya
89%
Tretyakovskaya
88.9%
Tretyakovskaya
88.9%
Khoroshyovskaya
88.9%
Borovitskaya
88.7%
Kiyevskaya
88.7%
Kiyevskaya
88.7%
Kiyevskaya
88.7%
Station % Correct
Volzhskaya
88.7%
Tverskaya
88.6%
Oktyabrskaya
88.6%
Oktyabrskaya
88.6%
Kaluzhskaya
88.5%
Polezhayevskaya
88.5%
Taganskaya
88.4%
Taganskaya
88.4%
Kurskaya
88.3%
Kurskaya
88.3%
Varshavskaya
88.3%
Shchukinskaya
88.2%
Nagatinskaya
88.2%
Shchyolkovskaya
88.1%
Timiryazevskaya
88%
Voykovskaya
88%
Dobryninskaya
88%
Kutuzovskaya
88%
Pionerskaya
87.9%
Tushinskaya
87.9%
Sukharevskaya
87.9%
Pushkinskaya
87.6%
Shipilovskaya
87.4%
Savyolovskaya
87.3%
Turgenevskaya
87%
Minskaya
86.7%
Prazhskaya
86.7%
Butyrskaya
86.5%
Rizhskaya
86.5%
Rimskaya
86.3%
Seligerskaya
86.1%
Tulskaya
85.9%
Profsoyuznaya
84.7%
Vystavochnaya
84.1%
Teatralnaya
82.1%
Nagornaya
81.9%
Sportivnaya
81.7%
Fonvizinskaya
81.5%
Barrikadnaya
81.5%
Aviamotornaya
81.4%
Molodyozhnaya
80.7%
Begovaya
80.6%
Planernaya
80.5%
Yugo-Zapadnaya
80.4%
Mezhdunarodnaya
80.1%
Trubnaya
78.7%
Okruzhnaya
77.5%
Yuzhnaya
77.3%
Petrovsky Park
76.8%
Leninsky Prospekt
76.1%
Bittsevsky Park
75.3%
Filyovsky Park
74.8%
Botanichesky Sad
74.5%
Lermontovsky Prospekt
74.2%
Kuznetsky Most
74.1%
Volgogradsky Prospekt
74.1%
Aleksandrovsky Sad
73.2%
Lomonosovsky Prospekt
72.7%
Bulvar Admirala Ushakova
72.6%
Nakhimovsky Prospekt
72.4%
Ryazansky Prospekt
71.1%
Slavyansky Bulvar
70.8%
Sretensky Bulvar
68.6%
Troparyovo
68.3%
Bulvar Dmitriya Donskogo
67.2%
Prospekt Vernadskogo
66.6%
Ulitsa Gorchakova
66.3%
Novokosino
65%
Ploshchad Revolyutsii
65%
Novogireyevo
64.7%
Bulvar Rokossovskogo
64.1%
Novye Cheryomushki
61.9%
Station % Correct
Park Kultury
61.6%
Park Kultury
61.6%
Biblioteka Imeni Lenina
60.8%
Krasnye Vorota
60.7%
Park Pobedy
60.5%
Park Pobedy
60.5%
Spartak
58.9%
Prospekt Mira
58.8%
Prospekt Mira
58.8%
Tekhnopark
58.7%
Belyayevo
58.7%
Maryina Roshcha
56.9%
Delovoy Tsentr
56%
Oktyabrskoye Pole
55.7%
Maryino
51.8%
Perovo
51.8%
Borisovo
51%
Konkovo
50.9%
Bibirevo
50.7%
Orekhovo
50.7%
Rumyantsevo
49.9%
Strogino
49.8%
Medvedkovo
49.7%
Zyablikovo
49.4%
Tsvetnoy Bulvar
49.4%
Ploshchad Ilyicha
48.1%
Tekstilshchiki
47.7%
Myakinino
47.4%
Salaryevo
46.7%
CSKA
46.2%
Khovrino
45.8%
Vodny Stadion
45.5%
Verkhnie Likhobory
45.2%
Sviblovo
45%
Pyatnitskoye Shosse
44.9%
Altufyevo
44.5%
Vladykino
43.9%
Mitino
43.8%
Ulitsa 1905 Goda
43.8%
Vorobyovy Gory
42%
Lyublino
41.9%
Polyanka
41.6%
Yasenevo
41.6%
Annino
41.2%
Tyoply Stan
40.8%
Shosse Entuziastov
40.1%
Kuzminki
40.1%
Zhulebino
38.2%
Pechatniki
37.6%
Krylatskoye
37.5%
Shelepikha
37.3%
Vykhino
37.1%
Kitay-gorod
35.4%
Kitay-gorod
35.4%
Chistye Prudy
35.3%
Sokolniki
33.9%
Otradnoye
33.3%
Universitet
31.8%
Okhotny Ryad
31.6%
Dinamo
31%
Tsaritsyno
28.7%
Ramenki
28.1%
Aeroport
26.8%
Kotelniki
26.2%
Sokol
26.2%
Lubyanka
25.9%
Dubrovka
24.9%
Rechnoy Vokzal
22%
Fili
21.2%
VDNKh
6.9%

You're not logged in!

Compare scores with friends on all Sporcle quizzes.
OR
Log In

You Might Also Like...

Show Comments

Extras

Top Quizzes Today


Score Distribution

Your Account Isn't Verified!

In order to create a playlist on Sporcle, you need to verify the email address you used during registration. Go to your Sporcle Settings to finish the process.

Report this User

Report this user for behavior that violates our Community Guidelines.

Details: